000 00606nam a2200253Ia 4500
005 20260121160739.0
008 008 260114s9999 xx 000 0 eng d
020 _a9781315737966
037 _aEBOOK
040 _aCRL
040 _beng
040 _cCRL
041 _2eng
041 _aeng
084 _qCRL
100 _a Cathie E. West
_91035799
245 4 _aThe Educator's Guide to Writing a Book
260 _bTaylor and Francis
260 _c2016
856 _uhttp://www.taylorfrancis.com/books/9781315737966
942 _cEBOOK
999 _c1602615
_d1602615